[Event "GER-chT U20"]
[Site "Muenster"]
[Date "2022.12.30"]
[Round "7"]
[White "Slutsky, Daniel"]
[Black "Schulter, Moritz"]
[Result "0-1"]
[WhiteElo "1253"]
[BlackElo "1584"]
[PlyCount "70"]
[EventDate "2022.12.26"]
[EventType "team-swiss"]
[EventRounds "7"]
[EventCountry "GER"]
[SourceTitle "CBM 212 Extra"]
[Source "ChessBase"]
[SourceDate "2023.03.31"]
[SourceVersion "1"]
[SourceVersionDate "2023.03.31"]
[SourceQuality "1"]
[WhiteTeam "Regensburg Bavaria"]
[BlackTeam "Gera"]
[WhiteTeamCountry "GER"]
[BlackTeamCountry "GER"]

1. e4 e5 2. d4 exd4 3. Qxd4 Nc6 4. Qe3 b6 5. Nc3 Bb7 6. Bd2 Nge7 7. 0-0-0 Ng6 8. Bc4 Bc5 9. Qg3 Nce5 10. Bb3 Qh4 11. f4 Qxg3 12. hxg3 Ng4 13. Nh3 f6 14. Nb5 0-0-0 15. Nc3 Rde8 16. Bd5 c6 17. Bb3 Ba6 18. Rhf1 Bxf1 19. Rxf1 Re7 20. f5 N6e5 21. Bf4 Rhe8 22. Ng1 Ne3 23. Bxe3 Bxe3+ 24. Kb1 Ng4 25. Nh3 Bd4 26. Rf4 Bxc3 27. Rxg4 Be1 28. c3 Bd2 29. Bc2 d5 30. Nf2 Bg5 31. exd5 Re1+ 32. Nd1 Rd8 33. dxc6 Rdxd1+ 34. Bxd1 Rxd1+ 35. Kc2 Rd2+ 0-1